Lumirank SSBU Top 150 2025 H1 Quiz - Statistics

General Stats
  • This quiz has been taken 52 times
  • The average score is 65 of 150
Answer Stats
Hint Answer % Correct
2 acola
96%
1 Doramigi
92%
8 Sonix
92%
5 Sparg0
92%
3 Hurt
88%
4 Miya
88%
6 Zomba
88%
13 Glutonny
83%
17 MkLeo
83%
21 Asimo
79%
16 Light
79%
10 Shuton
79%
23 Kola
75%
103 Maister
75%
7 Tweek
75%
15 Carmelo
71%
26 KEN
71%
25 Luugi
71%
28 MuteAce
71%
9 Onin
71%
12 Raru
71%
18 ShinyMark
71%
56 Sisqui
71%
11 Syrup
71%
14 TamaPDaifuku
71%
36 Crêpe Salée
67%
39 Raflow
67%
50 Umeki
67%
29 BeastModePaul
63%
69 Jahzz0
63%
45 Mild na H.O
63%
27 Neo
63%
19 Ouch!?
63%
65 Tarik
63%
52 WaKa
63%
30 Yoshidora
63%
42 ApolloKage
58%
46 Jakal
58%
49 Monte
58%
32 Rarikkusu
58%
47 Shion
58%
31 Yaura
58%
35 Akakikusu
54%
59 Gorioka
54%
53 Kurama
54%
24 Lima
54%
58 Marss
54%
74 Mezcaul
54%
48 MKBigBoss
54%
44 omega
54%
22 Peabnut
54%
63 Riddles
54%
150 Taikei
54%
55 Uame
54%
40 Wrath
54%
37 Dabuz
50%
54 Kaninabe
50%
41 Kiyarash
50%
51 Masha
50%
117 SHADIC
50%
34 Snow
50%
139 Fui
46%
81 Kurofune
46%
85 Lui$
46%
79 Mr.E
46%
33 Raki
46%
68 Rimu
46%
64 M0tsunabE
42%
61 Mark
42%
105 NaetorU
42%
136 Navy
42%
113 Pharaoh
42%
43 Reno
42%
119 Tsubaki
42%
82 Cosmos
38%
89 Eik
38%
73 Jagabata
38%
66 Karaage
38%
87 KID
38%
101 Ryopei
38%
57 Ryouh
38%
146 Sin
38%
145 sssr
38%
88 Susu
38%
20 Tea
38%
112 Yamanaction
38%
104 Yone_pi
38%
72 33peranBOX
33%
142 BassMage
33%
130 Big D
33%
108 Chon
33%
92 DieGorou
33%
71 HyperKirby
33%
96 Kome
33%
70 Tameigo
33%
38 Toriguri
33%
67 zawg
33%
76 alice
29%
147 AnthonyIsntCool
29%
60 Candle
29%
78 F1re
29%
90 Furararamen
29%
84 Gachipi
29%
114 Kuroponzu
29%
100 Lemmon
29%
122 Luigikid64
29%
62 Lv.1
29%
75 Miru
29%
86 Nao
29%
128 PeW
29%
124 PkChris
29%
118 Shirayuki
29%
102 Supahsemmie
29%
80 Tilde
29%
95 Free KayFlock
25%
98 Just Blue
25%
111 Kept
25%
91 Noi
25%
94 Nyonoknb
25%
129 Ploopy
25%
125 Yalmanac
25%
144 Dany
21%
77 Geist
21%
132 Guilheww
21%
99 Leaf
21%
116 Lunamado
21%
109 M.pop0
21%
110 Naocha
21%
83 Tsuna
21%
141 WebbJP
21%
106 Anarchy
17%
138 Andrik
17%
115 Chag
17%
149 chicken
17%
140 Chugs
17%
126 embo_z
17%
143 GuyGuy
17%
107 JeJaJeJa
17%
134 Kuhaku
17%
120 Rokki
17%
93 syadou
17%
123 Beastly
13%
148 JDV
13%
97 Midorun
13%
121 Sumaho
13%
135 AyaLin
8%
137 LemozonA
8%
127 Metara
8%
133 Quandale Dinglelingleton
8%
131 elijmin
4%
No matching quizzes found
Score Distribution
Percent of People with Each Score
Percentile by Number Answered
Your Score History
You have not taken this quiz